000 01126nam a2200229 a 4500
001 46209
005 20180714025708.0
008 140415s1992 mx 000 0 spa d
020 _a9682520649
041 _aspa
082 _a618.92
_bBEH
100 1 _aBEHRMAN, RICHARD E.
245 1 0 _aNELSON TRATADO DE PEDIATRIA
250 _a1a ed.
260 _aMEXICO :
_bNUEVA EDITORIAL INTERAMERICANA,
_c1992
300 _a2
_c28.2 x 21.5 x 6.3
520 _aLA PEDIATRIA SE OCUPA DE LA SALUD DE LOS RECIEN NACIDOS, LOS NIÑOS Y LOS JOVENES, DE SU CRECIMIENTO Y EVOLUCION, Y DE SUS POSIBILIDADES DE DESARROLLARSE PLENAMENTE COMO ADULTOS . COMO MEDICOS QUE ASUMEN LA RESPONSABILIDAD DEL PROGRESO FISICO, MENTAL Y EMOCIONAL DE LOS NIÑOS DESDE LA CONCEPCION HASTA LA MADUREZ, LOS PEDIATRAS DEBEN OCUPARSE DE LAS INFLUENCIAS SOCIALES O MEDIOAMBIENTALES, QUE TIENEN UN IMPACTO CAPITAL SOBRE LA SALUD Y EL BIEN ESTAR DE LOS NIÑOS Y SUS FAMILIAS ASI COMO DE
650 1 4 _aPEDIATRIA
700 1 _aAGUD APARICIO, JOSE LUIS
_etr.
740 _aNELSON: TEXTBOOK OF PEDIATRICS
700 1 _aKliegman, Robert,
_ecoaut.
999 _c46209
_d46209